| 000 | 00428nam a2200145Ia 4500 | ||
|---|---|---|---|
| 008 | 230411s9999 xx 000 0 und d | ||
| 020 | _a978-93-85891-52-6 | ||
| 041 | _aeng | ||
| 082 | _aN/613.2/CLE/B08924 | ||
| 100 |
_aClement I _9119826 |
||
| 245 | _aEssentials of Nutrition and Biochemistry for Basic BSc Nursing | ||
| 260 |
_bJaypee Brothers _aNew Delhi _c2018 |
||
| 300 | _a450p | ||
| 999 |
_c158314 _d158314 |
||